<La> demande de raccordement téléphonique une étude économetrique.

Ekonomicko-historická štúdia. Špecifický výskum tradičnej ekonometrie. Využitie ekonometrických modelov na úrovni makroekonomickej. Dve základné periódy rozvoja telefonického spojenia. Spojenie domácností a podnikov. Telefonické sadzby. Testovanie modelov spojenia. Ponuka nových liniek. Rozvoj telek...

Descrizione completa

Salvato in:
Dettagli Bibliografici
Autore principale: Villa, P.
Natura: Capitolo di libro
Lingua:francese
Soggetti:
Tags: Aggiungi Tag
Nessun Tag, puoi essere il primo ad aggiungerne!!

MARC

LEADER 00000naa a2200000 4500
001 r010760
005 20220913125303.5
041 0 |a fre 
044 |a FR 
245 1 0 |a <La> demande de raccordement téléphonique une étude économetrique.  |c P. Villa 
520 |a Ekonomicko-historická štúdia. Špecifický výskum tradičnej ekonometrie. Využitie ekonometrických modelov na úrovni makroekonomickej. Dve základné periódy rozvoja telefonického spojenia. Spojenie domácností a podnikov. Telefonické sadzby. Testovanie modelov spojenia. Ponuka nových liniek. Rozvoj telekomunikačnej technológie a kapitálové náklady. 
610 2 0 |a analýza ekonometrická 
610 2 0 |a ekonometria 
610 2 0 |a telefón 
610 2 0 |a telekomunikácie 
610 2 0 |a modely ekonometrické 
610 2 0 |a náklady 
610 2 0 |a dopyt 
610 2 0 |a ponuka 
610 2 0 |a teória nerovnováhy ekonomickej 
610 2 0 |a trh 
610 2 0 |a Francúzsko 
610 2 0 |a modely nerovnováhy 
100 1 |a Villa, P.